Metodický spravodaj Stredoslovenského múzeá v Banskej Bystrici

Bibliographic Details
Format: Journal
Language:Slovak
PhysicalDescription:zv.
Published: Banská Bystrica Stredoslovenské múzeum [1984]
Subjects:

MARC

LEADER 00000cas a2200000 a 4500
001 vtls001367285
003 SK-MaSNL
005 20260228155751.0
008 210226d198419uuxo r p 0 0b0slo
035 |a SNK000320974 
040 |a SNK  |b slo  |c SNK  |e AACR2 
041 0 |a slo 
043 |a e-xo--- 
044 |a xo  |c SK 
072 7 |a 069  |x Múzeá. Muzeológia. Múzejníctvo. Výstavy  |2 konspekt 
080 |a 069  |2 2011 
080 |a 050  |2 2011 
080 |a (055)  |2 2011 
080 |a (437.6  |2 2011 
245 0 0 |a Metodický spravodaj Stredoslovenského múzeá v Banskej Bystrici 
260 |a Banská Bystrica  |b Stredoslovenské múzeum  |c [1984] 
300 |a zv. 
310 |a 3x ročne 
610 2 7 |a Stredoslovenské múzeum  |2 SNKKA  |9 235041 
650 0 7 |a múzeá  |2 SNKPH  |9 4119 
655 7 |a bulletiny  |2 SNKPH  |9 70453 
710 2 |a Stredoslovenské múzeum  |4 pbl  |9 235041 
910 |a snk 
999 |c 472  |d 472 
952 |0 0  |1 0  |4 0  |7 0  |a SNK  |b SNK  |d 1999-07-06  |l 0  |o snkČSC 2807/1984  |p 17A0199482  |r 2005-01-02 00:00:00  |t č. 1-3  |w 2026-02-21  |y PREZ